000
00325nam a2200133 a 4500
005
20210219154457.0
008
030618s2000 mx r 000 0 spa d
035
_a
UPN01000126024
049
_a
SEP
050
4
_a
AC75
_b
S4 no. 44
100
1
_a
Proust, Marcel,
_d
1871-1922
245
1
0
_a
En busca de sí mismo /
905
_a
Libro
999
_c
98203
_d
98203